LEADER 01321nam0 22003131i 450 001 UON00341798 005 20260416100537.760 010 $a978-05-202-5013-0 100 $a20091029d2007 |0itac50 ba 101 $aeng 102 $aUS 105 $a|||| ||||| 200 1 $aˆThe ‰meanings of macho$ebeing a man in Mexico City$fMatthew C. Gutmann 210 $aBerkeley$aLos Angeles ; London$cUniversity of California press$d2007 215 $aXXVIII, 332 p.$d23 cm. 410 1$1001UON00349384$12001 $aMen and masculinity$fedited by Michael Kimmel.$v3 606 $aMascolinità$xMessico$xStudi$3UONC074688$2FI 620 $aUS$dBerkeley$3UONL000021 620 $aUS$dLos Angeles$3UONL000060 620 $aGB$dLondon$3UONL003044 676 $a305.3109$cGruppi sociali. Uomini. Storia, geografia, persone$v21 700 1$aGutmann$bMatthew C.$3UONV194572$0702432 712 $aUniversity of California Press$3UONV247423$4650 801 $aIT$bSOL$c20260417$gRICA 899 $aSIBA - SISTEMA BIBLIOTECARIO DI ATENEO E ARCHIVIO STORICO$2UONSI 912 $aUON00341798 950 $aSIBA - SISTEMA BIBLIOTECARIO DI ATENEO E ARCHIVIO STORICO$dSI VI c 2.74 0018 $eSI DA 2522 5 0018 996 $aMeanings of macho$91361730 997 $aUNIOR